[Event "Vårturnering 2009"]
[Site "Molde"]
[Date "2009.01.22"]
[Round "1"]
[White "Bryn, Thomas"]
[Black "Sigerset, Magnar"]
[Result "1-0"]
[WhiteElo "1951"]
[BlackElo "1366"]
[PlyCount "67"]
[EventDate "2009.??.??"]

1. d4 Nf6 2. c4 e5 3. dxe5 Ne4 4. Nf3 Bb4+ 5. Nbd2 Nc6 6. a3 Bxd2+ 7. Nxd2 Nxd2
8. Bxd2 Nxe5 9. Bc3 f6 10. e3 d6 11. Qh5+ g6 12. Qh4 O-O 13. O-O-O Be6 14. Qd4
Nc6 15. Qd2 Qe7 16. h4 Ne5 17. h5 Bxc4 18. f4 Bxf1 19. fxe5 fxe5 20. hxg6 Bc4
21. Rxh7 Qg5 22. Rxc7 b5 23. Rxc4 bxc4 24. Qxd6 Qxe3+ 25. Bd2 Qb6 26. Qd5+ Kg7
27. Bc3 Qe3+ 28. Kb1 Kxg6 29. Bxe5 Rae8 30. Qd6+ Kg5 31. Bg7 Qe4+ 32. Ka1 Qe6
33. Bxf8 Qxd6 34. Bxd6 
1-0

[Event "Vårturnering 2009"]
[Site "Molde"]
[Date "2009.01.22"]
[Round "1"]
[White "Isachsen, Harald"]
[Black "Sætervik, Erling"]
[Result "1-0"]
[WhiteElo "1530"]
[BlackElo "1237"]
[PlyCount "31"]
[EventDate "2009.??.??"]

1. e4 c5 2. f4 d6 3. Nf3 Nc6 4. Bc4 Bg4 5. Bxf7+ Kd7 6. c3 Nf6 7. Bd5 Qc7 8.
O-O e6 9. Bxc6+ Qxc6 10. d3 Be7 11. e5 Nh5 12. exd6 Bxd6 13. Ne5+ Bxe5 14. Qxg4
Nf6 15. Qxg7+ Kd6 16. fxe5+ 
1-0

[Event "Vårturnering 2009"]
[Site "Molde"]
[Date "2009.01.22"]
[Round "1"]
[White "Kosberg, Stian"]
[Black "Kosberg, Ivar"]
[Result "0-1"]
[WhiteElo "702"]
[BlackElo "1589"]
[PlyCount "82"]
[EventDate "2009.??.??"]

1. e4 g6 2. Nf3 Bg7 3. d4 d6 4. Nc3 a6 5. Bd2 Nd7 6. Be2 e6 7. O-O Ne7 8. Be3
b5 9. b4 Bb7 10. Qd2 h6 11. Rad1 Nf6 12. h3 Nxe4 13. Nxe4 Bxe4 14. c3 c6 15. a3
g5 16. Rc1 Ng6 17. Nh2 Nh4 18. f3 Bh7 19. g3 Ng6 20. Qc2 Nf4 21. Qd2 Nxe2+ 22.
Qxe2 O-O 23. Qd2 e5 24. d5 Rc8 25. dxc6 Rxc6 26. Qd5 Qc7 27. Qb3 Bd3 28. Rf2
Bc4 29. Qb2 f5 30. g4 f4 31. Bd2 d5 32. Re1 Re8 33. Qc2 Qf7 34. Qf5 Qxf5 35.
gxf5 Rf6 36. Ng4 Rxf5 37. Rg2 e4 38. fxe4 dxe4 39. Rf2 Rd5 40. Bc1 h5 41. Nh2
Bxc3 
0-1

[Event "Vårturnering 2009"]
[Site "Molde"]
[Date "2009.01.22"]
[Round "1"]
[White "Sele, Audun"]
[Black "Simensen, Stein Ivar"]
[Result "1-0"]
[WhiteElo "1463"]
[BlackElo "1055"]
[PlyCount "49"]
[EventDate "2009.??.??"]

1. d4 d5 2. Nf3 Nf6 3. Bg5 Nbd7 4. e3 b6 5. c4 c6 6. Nc3 e6 7. Qc2 Be7 8. Rb1
O-O 9. b4 Rb8 10. Bf4 Ra8 11. h3 Bb7 12. c5 b5 13. a4 a6 14. Bd3 Rc8 15. g4 g6
16. Ke2 Qe8 17. Rbg1 Bd8 18. h4 Bc7 19. Bh6 Qe7 20. h5 Rfd8 21. hxg6 fxg6 22.
Bxg6 hxg6 23. Qxg6+ Kh8 24. Bg7+ Kg8 25. Rh8# 
1-0

[Event "Vårturnering 2009"]
[Site "Molde"]
[Date "2009.01.29"]
[Round "1"]
[White "Sandum, Kjell T"]
[Black "Lie, Jostein Hestvik"]
[Result "1-0"]
[WhiteElo "1912"]
[BlackElo "1594"]
[PlyCount "51"]
[EventDate "2009.??.??"]

1. d4 d5 2. Nf3 Nf6 3. c4 c6 4. e3 e6 5. Nc3 Nbd7 6. Bd3 Bd6 7. e4 dxe4 8. Nxe4
Nxe4 9. Bxe4 Qc7 10. O-O Nf6 11. Bc2 O-O 12. Bg5 Nd7 13. Re1 Re8 14. Qd3 f5 15.
c5 Bf4 16. Bb3 Nf6 17. Qxf5 Bxg5 18. Nxg5 Kh8 19. Qe5 Qxe5 20. Rxe5 Nd5 21.
Bxd5 cxd5 22. Rae1 b6 23. Nxe6 Bxe6 24. Rxe6 Rxe6 25. Rxe6 bxc5 26. dxc5 
1-0

[Event "Vårturnering 2009"]
[Site "Molde"]
[Date "2009.01.29"]
[Round "1"]
[White "Hoem, Tor Wetle"]
[Black "Kästel, Arne Morten"]
[Result "1-0"]
[WhiteElo "1787"]
[BlackElo "1026"]
[PlyCount "63"]
[EventDate "2009.??.??"]

1. d4 d5 2. c4 e6 3. Nc3 Nf6 4. Bf4 c5 5. e3 Nc6 6. Nf3 Be7 7. Bd3 O-O 8. h3
cxd4 9. exd4 b6 10. O-O Bb7 11. Re1 Rc8 12. cxd5 Nxd5 13. Bh2 Bf6 14. Ne4 Bxd4
15. Nd6 Bxb2 16. Nxb7 Qe7 17. Nd6 Rcd8 18. Bxh7+ Kh8 19. Ne4 Ndb4 20. Qe2 Bxa1
21. Nfg5 g6 22. Rxa1 Kg7 23. Rc1 f6 24. h4 Nd4 25. Qg4 Nd3 26. Rc7 Rd7 27.
Nxe6+ Nxe6 28. Rxd7 Qxd7 29. Bxg6 Rg8 30. Be8+ Kh8 31. Qxg8+ Kxg8 32. Bxd7 
1-0

[Event "Vårturnering 2009"]
[Site "Molde"]
[Date "2009.02.05"]
[Round "2"]
[White "Sigerset, Magnar"]
[Black "Hoem, Tor Wetle"]
[Result "0-1"]
[WhiteElo "1366"]
[BlackElo "1787"]
[PlyCount "62"]
[EventDate "2009.??.??"]

1. Nf3 f5 2. d4 e6 3. Bg5 Nf6 4. e3 Be7 5. Bxf6 Bxf6 6. c4 c5 7. Nc3 O-O 8. Qd2
d6 9. dxc5 dxc5 10. Qxd8 Rxd8 11. Na4 Na6 12. Rd1 Bd7 13. Nc3 Nb4 14. Rd2 Bc6
15. a3 Rxd2 16. Kxd2 Rd8+ 17. Kc1 Bxc3 18. bxc3 Na2+ 19. Kb2 Bxf3 20. gxf3 Rd2+
21. Kb3 Nc1+ 22. Ka4 Rb2 23. Bg2 Ne2 24. f4 Nxc3+ 25. Ka5 Rb6 26. Bxb7 Rxb7 27.
Ka6 Rd7 28. Rc1 Ne4 29. f3 Nd6 30. Rd1 Kf8 31. e4 Ke7 
0-1

[Event "Vårturnering 2009"]
[Site "Molde"]
[Date "2009.02.05"]
[Round "2"]
[White "Farstad, Gudmund"]
[Black "Bryn, Thomas"]
[Result "0-1"]
[WhiteElo "1796"]
[BlackElo "1951"]
[PlyCount "64"]
[EventDate "2009.??.??"]

1. e4 e5 2. Nf3 Nc6 3. Bc4 Nf6 4. Ng5 d5 5. exd5 Na5 6. Bb5+ c6 7. dxc6 bxc6 8.
Bd3 h6 9. Ne4 Nd5 10. O-O Be7 11. Re1 O-O 12. Ng3 f5 13. Nc3 Bd6 14. Bf1 Qf6
15. d3 Nb7 16. Nce2 c5 17. Kh1 Nd8 18. Ng1 Bb7 19. Be2 Ne6 20. c3 Rab8 21. Nf3
g5 22. Bf1 g4 23. Ng1 Rf7 24. f3 h5 25. Be2 h4 26. Nxf5 gxf3 27. Nxf3 Qxf5 28.
Nxh4 Qf2 29. Nf3 Ndf4 30. Bxf4 Nxf4 31. Bf1 Nh3 32. Be2 Qg1+ 
0-1

[Event "Vårturnering 2009"]
[Site "Molde"]
[Date "2009.02.05"]
[Round "2"]
[White "Kosberg, Ivar"]
[Black "Isachsen, Harald"]
[Result "1-0"]
[WhiteElo "1589"]
[BlackElo "1530"]
[PlyCount "63"]
[EventDate "2009.??.??"]

1. e4 e5 2. Bc4 Nf6 3. d4 c6 4. dxe5 Qa5+ 5. Nc3 Qxe5 6. Nf3 Qh5 7. O-O Be7 8.
e5 Ng4 9. Bf4 O-O 10. Qd2 d5 11. exd6 Bd8 12. Ne4 Bf5 13. Ng3 Qg6 14. Nxf5 Qxf5
15. Ng5 Bxg5 16. Bxg5 Nd7 17. Bd3 Qd5 18. c4 Qe5 19. Bf4 Qh5 20. Be2 Qg6 21.
Qd4 Rfe8 22. Bd3 Qh5 23. Rae1 f5 24. c5 g5 25. f3 Ngf6 26. Bg3 Nd5 27. Bxf5
N7f6 28. Be6+ Kg7 29. Bxd5 cxd5 30. Be5 Qg6 31. Bxf6+ Qxf6 32. Qxd5 
1-0

[Event "Vårturnering 2009"]
[Site "Molde"]
[Date "2009.02.05"]
[Round "2"]
[White "Simensen, Stein Ivar"]
[Black "Kosberg, Stian"]
[Result "1/2-1/2"]
[WhiteElo "1055"]
[BlackElo "702"]
[PlyCount "97"]
[EventDate "2009.??.??"]

1. d4 g6 2. Nf3 Bg7 3. e3 e6 4. Bd3 d6 5. Nbd2 Nd7 6. b3 b6 7. Bb2 Bb7 8. Qe2
a6 9. O-O Ne7 10. Rac1 O-O 11. e4 h6 12. e5 d5 13. c4 Ra7 14. Qe3 c6 15. b4 Kh7
16. c5 b5 17. Bc2 a5 18. a3 a4 19. h3 Nc8 20. Kh2 f6 21. h4 h5 22. Rg1 Bh6 23.
Qd3 f5 24. Ng5+ Bxg5 25. hxg5 Ra8 26. f4 Kg7 27. Rcf1 Rh8 28. Nf3 Rh7 29. Kg3
Qh8 30. Rh1 Na7 31. Bd1 Rf8 32. Qe2 Nc8 33. Rh2 Kf7 34. Rfh1 Ke7 35. Nh4 Kf7
36. Nxg6 Kxg6 37. Rxh5 Rff7 38. Rh6+ Rxh6 39. gxh6 Kh7 40. Qh5 Qg8+ 41. Kf3 Ne7
42. Kf2 Qg6 43. Qg5 Nf8 44. g4 fxg4 45. Bxg4 Bc8 46. Kg3 Nf5+ 47. Bxf5 Rxf5 48.
Qxg6+ Nxg6 49. Bc1 
1/2-1/2

[Event "Vårturnering 2009"]
[Site "Molde"]
[Date "2009.02.05"]
[Round "2"]
[White "Sele, Audun"]
[Black "Sandum, Kjell T"]
[Result "0-1"]
[WhiteElo "1463"]
[BlackElo "1912"]
[PlyCount "68"]
[EventDate "2009.??.??"]

1. d4 d5 2. Nf3 Nf6 3. Bg5 Nbd7 4. Bxf6 Nxf6 5. e3 e6 6. Nbd2 Be7 7. Bd3 O-O 8.
c3 c5 9. O-O b6 10. Re1 Bb7 11. Rc1 Rc8 12. Qe2 Ne4 13. Ba6 Bxa6 14. Qxa6 Nxd2
15. Nxd2 Qd7 16. Qd3 Rfd8 17. Qe2 g6 18. Qd3 Bf8 19. f4 b5 20. Nf3 Qb7 21. g3
b4 22. cxb4 Qxb4 23. Qd2 Qxd2 24. Nxd2 cxd4 25. exd4 Bb4 26. Rxc8 Rxc8 27. Rd1
Rc2 28. Nf3 Rxb2 29. a3 Bxa3 30. Ra1 Rb3 31. Ne1 Bb2 32. Ra4 Ra3 33. Rxa3 Bxa3
34. Kf1 Bb2 
0-1

[Event "Vårturnering 2009"]
[Site "Molde"]
[Date "2009.02.12"]
[Round "2"]
[White "Lie, Jostein Hestvik"]
[Black "Kästel, Arne Morten"]
[Result "1-0"]
[WhiteElo "1594"]
[BlackElo "1026"]
[PlyCount "43"]
[EventDate "2009.??.??"]

1. d4 d5 2. c4 e6 3. Nc3 Nf6 4. cxd5 exd5 5. Bg5 Be7 6. e3 O-O 7. Bd3 Re8 8.
Nge2 Bg4 9. f3 Bh5 10. Qb3 b6 11. Bxf6 Bxf6 12. Qxd5 Bh4+ 13. Kd2 Qxd5 14. Nxd5
Rc8 15. Bf5 Nd7 16. Bxd7 Rd8 17. Nxc7 Rxd7 18. Nxa8 Be7 19. Nf4 Bg6 20. Nxg6
fxg6 21. Rac1 Bd6 22. Rc6 
1-0

[Event "Vårturnering 2009"]
[Site "Molde"]
[Date "2009.03.05"]
[Round "3"]
[White "Sætervik, Erling"]
[Black "Sigerset, Magnar"]
[Result "1-0"]
[WhiteElo "1237"]
[BlackElo "1366"]
[PlyCount "97"]
[EventDate "2009.??.??"]

1. c4 Nf6 2. d4 e6 3. Nc3 Bb4 4. Qc2 d5 5. a3 Bxc3+ 6. bxc3 dxc4 7. e4 b5 8.
Bg5 h6 9. Bxf6 Qxf6 10. e5 Qe7 11. Ne2 Bb7 12. Ng3 Bd5 13. Ne4 Nd7 14. Be2 O-O
15. O-O f5 16. Ng3 Rf7 17. Bh5 g6 18. Be2 Rg7 19. f4 Rf8 20. a4 c6 21. axb5
cxb5 22. Rxa7 Qd8 23. Raa1 Nb6 24. Rab1 Qd7 25. Qb2 Bc6 26. Bf3 Nd5 27. Ne2 g5
28. Qd2 g4 29. Bxd5 Qxd5 30. Ng3 Be8 31. Rfe1 h5 32. Nf1 h4 33. Ne3 Qd8 34. d5
Bc6 35. Red1 Rd7 36. Qe1 Qb6 37. dxc6 Rd3 38. Rxd3 cxd3 39. Qd2 Rd8 40. c4 Qxc6
41. cxb5 Qc5 42. b6 g3 43. b7 Qa7 44. b8=Q Rxb8 45. Rxb8+ Qxb8 46. Qxd3 Qa7 47.
hxg3 hxg3 48. Qd8+ Kf7 49. Qf6+ 
1-0

[Event "Vårturnering 2009"]
[Site "Molde"]
[Date "2009.03.26"]
[Round "3"]
[White "Bryn, Thomas"]
[Black "Kosberg, Ivar"]
[Result "1-0"]
[WhiteElo "1951"]
[BlackElo "1589"]
[PlyCount "47"]
[EventDate "2009.??.??"]

1. d4 d6 2. e4 g6 3. Nf3 Bg7 4. c3 Nf6 5. Bd3 O-O 6. O-O Nbd7 7. Re1 e5 8. Nbd2
exd4 9. cxd4 Nb6 10. Nf1 Be6 11. Ng3 Bc4 12. Bc2 Qc8 13. h3 Nbd7 14. Bg5 h6 15.
Be3 Kh7 16. h4 Nb6 17. h5 Qg4 18. hxg6+ fxg6 19. e5 Nfd5 20. Ng5+ Qxg5 21. Bxg5
hxg5 22. Bxg6+ Kg8 23. Qh5 Rfd8 24. Nf5 
1-0

[Event "Vårturnering 2009"]
[Site "Molde"]
[Date "2009.03.12"]
[Round "3"]
[White "Isachsen, Harald"]
[Black "Farstad, Gudmund"]
[Result "1/2-1/2"]
[WhiteElo "1530"]
[BlackElo "1796"]
[PlyCount "57"]
[EventDate "2009.??.??"]

1. e4 c5 2. f4 d5 3. e5 e6 4. Nf3 Nc6 5. d4 Bd7 6. c3 Qb6 7. Be2 Nh6 8. O-O
cxd4 9. Kh1 dxc3 10. Nxc3 Ng4 11. Nd4 Qxd4 12. Bxg4 Qxd1 13. Rxd1 Be7 14. Be3
O-O 15. Nxd5 exd5 16. Bxd7 Nb4 17. Ba4 Rfd8 18. Bb3 Rac8 19. Bxa7 Bc5 20. Bxc5
Rxc5 21. Rd2 Nc6 22. Rad1 Ne7 23. g3 g6 24. Kg2 h5 25. Kf2 Kg7 26. Rc2 b6 27.
Rdc1 Rdc8 28. Rxc5 bxc5 29. Ba4 
1/2-1/2

[Event "Vårturnering 2009"]
[Site "Molde"]
[Date "2009.03.05"]
[Round "3"]
[White "Kosberg, Stian"]
[Black "Lie, Jostein Hestvik"]
[Result "0-1"]
[WhiteElo "702"]
[BlackElo "1594"]
[PlyCount "48"]
[EventDate "2009.??.??"]

1. e4 c5 2. c3 d5 3. f3 e5 4. d3 Nf6 5. Ne2 Be6 6. b3 Bd6 7. Nd2 Nc6 8. Bb2 O-O
9. g3 Qd7 10. h3 b5 11. Qc2 b4 12. c4 dxe4 13. dxe4 Nd4 14. Nxd4 exd4 15. Qd1
Bxg3+ 16. Ke2 d3+ 17. Ke3 Nh5 18. Nb1 Qd6 19. Qxd3 Qf4+ 20. Ke2 Rad8 21. Qe3
Qd6 22. Bg2 Nf4+ 23. Kf1 Qd1+ 24. Qe1 Qxe1# 
0-1

[Event "Vårturnering 2009"]
[Site "Molde"]
[Date "2009.03.05"]
[Round "3"]
[White "Hoem, Tor Wetle"]
[Black "Sandum, Kjell T"]
[Result "1/2-1/2"]
[WhiteElo "1787"]
[BlackElo "1912"]
[PlyCount "30"]
[EventDate "2009.??.??"]

1. d4 d6 2. e4 Nf6 3. f3 e5 4. Ne2 exd4 5. Nxd4 Nc6 6. Be3 Be7 7. c4 O-O 8. Nc3
Nd7 9. f4 Bf6 10. Be2 Nxd4 11. Bxd4 Re8 12. Qd3 Nc5 13. Bxc5 dxc5 14. e5 Qxd3
15. Bxd3 Bd8 
1/2-1/2

[Event "Vårturnering 2009"]
[Site "Molde"]
[Date "2009.03.26"]
[Round "4"]
[White "Sigerset, Magnar"]
[Black "Isachsen, Harald"]
[Result "0-1"]
[WhiteElo "1366"]
[BlackElo "1530"]
[PlyCount "54"]
[EventDate "2009.??.??"]

1. Nf3 c5 2. c4 d6 3. g3 e5 4. d3 Nc6 5. a3 Be7 6. Nc3 Be6 7. Bg2 h5 8. h4 Nh6
9. Ng5 Bxg5 10. Bxg5 f6 11. Bd2 Qd7 12. Nd5 Ne7 13. Nxe7 Kxe7 14. b4 Rab8 15.
b5 d5 16. Qc2 b6 17. a4 dxc4 18. dxc4 Qd4 19. O-O Qxc4 20. Bc3 Nf5 21. Qb2 Nd4
22. Rfe1 Bg4 23. f3 Be6 24. e3 Nb3 25. Ra3 Bf7 26. Bf1 Qe6 27. e4 Rhd8 {(...)}
0-1

[Event "Vårturnering 2009"]
[Site "Molde"]
[Date "2009.03.19"]
[Round "4"]
[White "Sandum, Kjell T"]
[Black "Bryn, Thomas"]
[Result "0-1"]
[WhiteElo "1912"]
[BlackElo "1951"]
[PlyCount "70"]
[EventDate "2009.??.??"]

1. d4 Nf6 2. Nf3 d5 3. c4 c6 4. e3 Bf5 5. Bd3 Bxd3 6. Qxd3 e6 7. O-O Nbd7 8.
Nc3 Bd6 9. e4 dxc4 10. Qxc4 e5 11. Bg5 h6 12. Bh4 O-O 13. Rad1 Qa5 14. Bxf6
Nxf6 15. dxe5 Bxe5 16. Nxe5 Qxe5 17. Qd4 Qh5 18. f3 Rfd8 19. Qxd8+ Rxd8 20.
Rxd8+ Kh7 21. Rfd1 Qc5+ 22. Kf1 b5 23. Ne2 Qe5 24. Nd4 c5 25. Nxb5 Qxb2 26. a4
Qb3 27. Rc1 Qxa4 28. Rxc5 a5 29. Nd6 Qa1+ 30. Ke2 a4 31. Rc2 Qg1 32. Kd3 Nh5
33. g3 Qd1+ 34. Rd2 Qxf3+ 35. Kd4 Qf6+ 
0-1

[Event "Vårturnering 2009"]
[Site "Molde"]
[Date "2009.03.19"]
[Round "4"]
[White "Farstad, Gudmund"]
[Black "Simensen, Stein Ivar"]
[Result "1-0"]
[WhiteElo "1796"]
[BlackElo "1055"]
[PlyCount "43"]
[EventDate "2009.??.??"]

1. e4 e5 2. Nf3 Nc6 3. Bc4 h6 4. O-O Bc5 5. c3 Nf6 6. d4 exd4 7. cxd4 Bb6 8. e5
Ng8 9. Nc3 Na5 10. Bd3 Ne7 11. d5 O-O 12. b4 Nac6 13. dxc6 bxc6 14. Ne4 Bb7 15.
Bxh6 gxh6 16. Nf6+ Kg7 17. Nh4 c5 18. Qg4+ Kh8 19. Qh5 Kg7 20. Nf5+ Nxf5 21.
Qg4+ Kh8 22. Qxf5 
1-0

[Event "Vårturnering 2009"]
[Site "Molde"]
[Date "2009.03.19"]
[Round "4"]
[White "Kosberg, Stian"]
[Black "Sætervik, Erling"]
[Result "0-1"]
[WhiteElo "702"]
[BlackElo "1237"]
[PlyCount "46"]
[EventDate "2009.??.??"]

1. e4 c5 2. c3 Nc6 3. Nf3 d6 4. Bb5 Nf6 5. Be2 Nxe4 6. O-O e6 7. d3 Nf6 8. c4
Be7 9. Nc3 h6 10. h3 O-O 11. b3 d5 12. cxd5 exd5 13. a3 d4 14. Nb1 a5 15. Bd2
Bd6 16. Qe1 Re8 17. Qc1 Rxe2 18. Re1 Rxe1+ 19. Qxe1 Bc7 20. g3 Qd5 21. Qd1 Bxh3
22. Kh2 Bg4 23. Kg2 Ne5 
0-1

[Event "Vårturnering 2009"]
[Site "Molde"]
[Date "2009.04.02"]
[Round "5"]
[White "Sigerset, Magnar"]
[Black "Kosberg, Stian"]
[Result "0-1"]
[WhiteElo "1366"]
[BlackElo "702"]
[PlyCount "62"]
[EventDate "2009.??.??"]

1. Nf3 d6 2. d4 g6 3. c4 Bg7 4. Nc3 a6 5. e4 Nd7 6. Be3 b6 7. Rc1 e6 8. Be2 Ne7
9. Qd2 Bb7 10. O-O h6 11. h4 f6 12. Bd3 c5 13. d5 e5 14. Nh2 Ra7 15. Ng4 Ng8
16. f4 Ke7 17. fxe5 fxe5 18. Rf3 Ndf6 19. Nxf6 Nxf6 20. Bxh6 Bxh6 21. Qf2 Bxc1
22. Rxf6 Rf8 23. Re6+ Kd7 24. Qg3 g5 25. hxg5 Bxg5 26. Be2 Bf4 27. Qg4 Kc7 28.
Re7+ Kb8 29. Qg7 Rg8 30. Qf7 Rf8 31. Qe6 Bc8 
0-1

[Event "Vårturnering 2009"]
[Site "Molde"]
[Date "2009.04.16"]
[Round "5"]
[White "Bryn, Thomas"]
[Black "Lie, Jostein Hestvik"]
[Result "1-0"]
[WhiteElo "1951"]
[BlackElo "1594"]
[PlyCount "65"]
[EventDate "2009.??.??"]

1. d4 d5 2. c4 e6 3. Nf3 Nf6 4. g3 Nbd7 5. Bg2 c6 6. Qc2 Bb4+ 7. Bd2 Qe7 8. O-O
Ne4 9. Bxb4 Qxb4 10. Nfd2 Ndf6 11. a3 Qb6 12. c5 Qd8 13. Bxe4 dxe4 14. Nxe4
Qxd4 15. Nd6+ Ke7 16. Nd2 b6 17. b4 Ba6 18. Nf3 Qg4 19. Nxf7 Qe4 20. Qd2 Qxe2
21. Qd6+ Kxf7 22. Ne5+ Qxe5 23. Qxe5 Bxf1 24. Kxf1 Rac8 25. a4 Nd5 26. cxb6
Nxb6 27. Qh5+ g6 28. Qe5 Rhd8 29. Ra3 Rd7 30. h4 Ke7 31. Re3 Rd1+ 32. Kg2 Rd6
33. Qg7+ 
1-0

[Event "Vårturnering 2009"]
[Site "Molde"]
[Date "2009.04.16"]
[Round "5"]
[White "Simensen, Stein Ivar"]
[Black "Sætervik, Erling"]
[Result "1-0"]
[WhiteElo "1055"]
[BlackElo "1237"]
[PlyCount "81"]
[EventDate "2009.??.??"]

1. e4 c5 2. Nf3 d6 3. Bc4 Nf6 4. Nc3 Nc6 5. O-O e6 6. Re1 Nd7 7. a3 a6 8. Rb1
Nde5 9. Ba2 Be7 10. d3 O-O 11. Bf4 Ng6 12. Qd2 Kh8 13. e5 d5 14. d4 cxd4 15.
Nxd4 Nxd4 16. Qxd4 Nxf4 17. Qxf4 b5 18. Rbd1 Bb7 19. Ne4 Qc7 20. Nc3 f6 21. Rd3
fxe5 22. Qxe5 Qb6 23. Re2 Rf6 24. Rh3 Raf8 25. Nd1 Bc5 26. Ne3 Bxe3 27. Rhxe3
Rd8 28. c3 d4 29. Rd3 Rg6 30. g3 Qc6 31. f3 Rf8 32. Rf2 dxc3 33. Rxc3 Qd7 34.
Rc7 Qd1+ 35. Rf1 Qxf1+ 36. Kxf1 Rxf3+ 37. Ke2 Rgf6 38. Rxb7 Rf2+ 39. Kd3 R2f3+
40. Kd4 Rf8 41. Qxg7# 
1-0

[Event "Vårturnering 2009"]
[Site "Molde"]
[Date "2009.04.02"]
[Round "5"]
[White "Isachsen, Harald"]
[Black "Sandum, Kjell T"]
[Result "1/2-1/2"]
[WhiteElo "1530"]
[BlackElo "1912"]
[PlyCount "82"]
[EventDate "2009.??.??"]

1. e4 d6 2. d4 Nf6 3. Nc3 g6 4. Nge2 Bg7 5. Ng3 Nc6 6. f3 O-O 7. Be3 e5 8. d5
Ne7 9. h4 h5 10. Qd2 c6 11. O-O-O cxd5 12. exd5 Nf5 13. Nxf5 Bxf5 14. Bd3 Bxd3
15. Qxd3 a6 16. Bg5 Qc7 17. Bxf6 Bxf6 18. Ne4 Bg7 19. g4 hxg4 20. fxg4 Rac8 21.
g5 Rfd8 22. Nf6+ Kf8 23. Kb1 Qc4 24. Qd2 Rc5 25. h5 gxh5 26. Nxh5 Rdc8 27. Nxg7
Kxg7 28. Rh2 Qf4 29. Qxf4 exf4 30. Rf2 Rc4 31. b3 Re4 32. Rdf1 Rce8 33. c4 R8e5
34. Rxf4 Rxf4 35. Rxf4 Rxg5 36. Rf2 Re5 37. Kc2 f5 38. Kd2 Kf6 39. Rh2 b5 40.
Rh6+ Ke7 41. Rh7+ Ke8 
1/2-1/2

[Event "Vårturnering 2009"]
[Site "Molde"]
[Date "2009.04.30"]
[Round "6"]
[White "Simensen, Stein Ivar"]
[Black "Sigerset, Magnar"]
[Result "0-1"]
[WhiteElo "1055"]
[BlackElo "1366"]
[PlyCount "86"]
[EventDate "2009.??.??"]

1. d4 Nf6 2. c4 e5 3. dxe5 Ne4 4. Nf3 Bb4+ 5. Nbd2 Nc6 6. e3 Qe7 7. a3 Bxd2+ 8.
Nxd2 Nxd2 9. Bxd2 Nxe5 10. Be2 d6 11. O-O Be6 12. b3 O-O 13. Bc3 f6 14. Qd2
Rad8 15. f4 Nf7 16. f5 Bc8 17. Bh5 Ne5 18. Rae1 c6 19. e4 Bd7 20. Qe3 b6 21.
Qg3 Be8 22. Qh3 Bxh5 23. Qxh5 Qf7 24. Qh4 Rd7 25. Qh3 g6 26. fxg6 hxg6 27. Rf4
g5 28. Rf5 Qh7 29. Qg3 Rg7 30. Rd1 Rd7 31. Rdf1 Rdf7 32. R5f4 Qg6 33. Rf5 Qh6
34. Rd1 Rd7 35. Bxe5 fxe5 36. Rxg5+ Rg7 37. Rxg7+ Qxg7 38. Qh3 Rf6 39. Qc8+ Rf8
40. Qxc6 Qf6 41. Qd5+ Kh8 42. Qxd6 Qf2+ 43. Kh1 Qf1+ 0-1

[Event "Vårturnering 2009"]
[Site "Molde"]
[Date "2009.04.30"]
[Round "6"]
[White "Hoem, Tor Wetle"]
[Black "Bryn, Thomas"]
[Result "0-1"]
[WhiteElo "1787"]
[BlackElo "1951"]
[PlyCount "60"]
[EventDate "2009.??.??"]

1. d4 d5 2. Nf3 Nf6 3. Bf4 c5 4. e3 Nc6 5. c3 Qb6 6. Qb3 c4 7. Qxb6 axb6 8. Na3
Bf5 9. Nh4 e6 10. Nb5 Kd7 11. Nxf5 exf5 12. Be2 Ra5 13. a4 Be7 14. O-O Rha8 15.
Nc7 Rc8 16. Nb5 Rca8 17. Nc7 Rc8 18. Nb5 Ne4 19. b4 cxb3 20. Rfb1 g5 21. Bg3
Rca8 22. Rxb3 Rxa4 23. Rxa4 Rxa4 24. Rb2 Ra1+ 25. Bf1 Na5 26. f3 Nc4 27. fxe4
Nxb2 28. exd5 h5 29. Kf2 f4 30. exf4 h4 0-1

[Event "Vårturnering 2009"]
[Site "Molde"]
[Date "2009.04.30"]
[Round "6"]
[White "Sandum, Kjell Tore"]
[Black "Farstad, Gudmund"]
[Result "0-1"]
[WhiteElo "1912"]
[BlackElo "1796"]
[PlyCount "68"]
[EventDate "2009.01.22"]
[EventRounds "6"]
[EventCountry "NOR"]
[Source "Sandum"]

1. d4 d5 2. Nf3 Nf6 3. c4 c6 4. e3 a6 5. Nc3 b5 6. b3 Bf5 7. Bd3 Bxd3 8. Qxd3
e6 9. O-O Be7 10. a3 Nbd7 11. Rd1 Rc8 12. Bb2 O-O 13. e4 dxe4 14. Nxe4 Nxe4 15.
Qxe4 bxc4 16. bxc4 Nb6 17. Qc2 Qc7 18. a4 Rfd8 19. a5 Nd7 20. Qe2 Bf6 21. c5
Rb8 22. Ra2 Nxc5 23. Rc1 Nb3 24. Rc4 Nxa5 25. Rca4 Rb5 26. g3 Rdb8 27. Bc3 Nb3
28. Qc4 a5 29. Rc2 h6 30. Be1 Rd8 31. Ra3 Qb7 32. Qxc6 Qxc6 33. Rxc6 Bxd4 34.
Nxd4 Nxd4 0-1

[Event "Vårturnering 2009"]
[Site "Molde"]
[Date "2009.05.07"]
[Round "6"]
[White "Sætervik, Erling"]
[Black "Kosberg, Ivar"]
[Result "0-1"]
[WhiteElo "1237"]
[BlackElo "1589"]
[PlyCount "94"]
[EventDate "2009.??.??"]

1. c4 d6 2. d4 f5 3. Nc3 g6 4. Nf3 Bg7 5. e4 Nh6 6. Bd3 c6 7. O-O O-O 8. Re1
Nf7 9. exf5 gxf5 10. Ne2 e5 11. Bc2 e4 12. Nd2 d5 13. c5 Qh4 14. Nf1 Ng5 15.
Nf4 Ne6 16. Nxe6 Bxe6 17. a4 Nd7 18. Ra3 f4 19. Qd2 Qf6 20. Rd1 b6 21. b4 bxc5
22. bxc5 Bg4 23. f3 Bh5 24. Bb2 Rfb8 25. Ba1 e3 26. Qe2 Bg6 27. Bxg6 Qxg6 28.
Nxe3 fxe3 29. Rxe3 Re8 30. Rdd3 Rab8 31. Rxe8+ Rxe8 32. Qd1 Rb8 33. Rb3 Rxb3
34. Qxb3 Kf7 35. Qb7 Ke7 36. Qb3 Qg5 37. Qc2 Qg6 38. Qe2+ Kd8 39. Qe1 Qc2 40.
a5 Qd3 41. Qf2 Qd1+ 42. Qf1 Bxd4+ 43. Bxd4 Qxd4+ 44. Qf2 Qa1+ 45. Qf1 Qxa5 46.
g4 Qxc5+ 47. Kg2 Qe3 0-1

[Event "Vårturnering 2009"]
[Site "Molde"]
[Date "2009.05.07"]
[Round "6"]
[White "Lie, Jostein Hestvik"]
[Black "Isachsen, Harald"]
[Result "1/2-1/2"]
[WhiteElo "1594"]
[BlackElo "1530"]
[PlyCount "68"]
[EventDate "2009.??.??"]

1. d4 d5 2. c4 e6 3. Nc3 Nf6 4. cxd5 exd5 5. Bg5 c6 6. e3 Bd6 7. Bd3 Nbd7 8.
Nge2 Nf8 9. f3 Ne6 10. Bh4 Be7 11. Qc2 Bd7 12. g4 Nxg4 13. Bxe7 Qxe7 14. fxg4
Ng5 15. O-O-O Qxe3+ 16. Qd2 Qxd2+ 17. Kxd2 Bxg4 18. Kc1 Bxe2 19. Bxe2 O-O 20.
Bg4 f5 21. h4 fxg4 22. hxg5 Rf5 23. Rde1 Rxg5 24. Ne2 Re8 25. Ng3 Rxe1+ 26.
Rxe1 h5 27. Rh1 g6 28. b4 b6 29. Kd2 c5 30. bxc5 bxc5 31. Kd3 cxd4 32. Kxd4 Kf7
33. Kc5 Ke6 34. Ne2 Re5 1/2-1/2